| 000 | 00619nam a2200217 a 4500 | ||
|---|---|---|---|
| 999 |
_c2682 _d2682 |
||
| 001 | 2682 | ||
| 003 | BD-JhCC | ||
| 005 | 20171106082238.0 | ||
| 008 | 171106s1969 bg |||| ||a| 000 0 ben d | ||
| 035 | _a(BD-JhCC)2682 | ||
| 040 |
_aBD-JhCC _dBD-JhCC |
||
| 041 | _aeng | ||
| 082 |
_a891.4415 _bSHA |
||
| 100 | _aশরীফ, আহমদ | ||
| 245 |
_aবাঙলার সুফী সাহিত্য / _cআহমদ শরীফ, |
||
| 260 |
_aঢাকা : _bবাংলা একাডেমী, _c1969 |
||
| 300 |
_a531 p. : _c20 cm. |
||
| 650 | _aSufi Literature | ||
| 942 |
_2ddc _cBK |
||